| 000 | 00640nam a2200193Ia 4500 | ||
|---|---|---|---|
| 999 |
_c41540 _d41540 |
||
| 001 | 8207 | ||
| 003 | GE_BSU | ||
| 005 | 20190705150213.0 | ||
| 008 | 181216s2013||||en |||||||||||||| ||enk|| | ||
| 080 | _a811.111'36(075.8) E-93 | ||
| 100 |
_aEvans,Virginia. _93168 |
||
| 245 |
_aENTERPRISE GRAMMAR 2 : Student's Book / _cVirginia Evans ; Jenny Dooley. |
||
| 264 |
_aLondon : _bExpress Publishing, _c2013. |
||
| 300 |
_a96 p .: _bill; _c27 cm. |
||
| 653 | _aENTERPRAISE GRAMMAR 2. : Student's Book | ||
| 653 | _aინგლისური ენის გრამატიკა | ||
| 700 |
_aDooley, Jenny _93165 |
||
| 942 |
_cBK _2udc |
||